000
00306nam a2200121Ia 4500
008
240624s9999 xx 000 0 und d
041
_a
eng
082
_a
332.642 BRO
100
_a
BROKERS FORUM
245
_a
OPERATIONS MANUAL
260
_c
2015
_a
ManualMumbai
_b
Brokers Forum
300
_a
506 : p. : cm. ; 28
999
_c
24044
_d
24044